000 00739nam a22002057a 4500
999 _c11128
_d11128
003 AR-CdUCM
008 190403b ||||| |||| 00| 0 spa d
040 _aMUNICIPALIDAD PROVINCIAL DEL CUSCO
_cBIBLIOTECA MUNICIPAL DEL CUSCO
082 _a985.63009 /
_bR68 / 1963
100 _aRivera Palomino, Teodosio
_928311
245 _aPerlas andinas :
_bcinco Apurimeños ilustres /
260 _aApurímac :
_bEdiciones Iral,
_c1963.
300 _a141 páginas ;
_c15 cm.
505 _aContenido:Juan de Espinoza Medrano -- Micaela Bastidas -- Agustín Gamarra -- Mariano Herencia Zevallos -- José María Arguedas.
650 _aBiografías
_9148
650 _aHistoria
_9136
650 _aPerú
_935
942 _2ddc
_cLIBROS
945 _aachl